000
00340nam a2200145Ia 4500
005
20251222152705.0
008
251222s9999||||xx |||||||||||||| ||spa||
020
_a
9786124114120
082
_a
869.56/C557
100
_a
Chirinos, Eduardo
245
0
_a
Nueva Miscelánea Antártica
250
_a
1ra.ed.
264
_b
UCSS
942
_c
LIB
999
_c
28984
_d
28984